00695cam a2200241 i 45000010009000000050017000090080041000260200018000670400028000850820019001131000020001322450056001522500019002082600037002273000017002646500021002816500012003026500012003146500017003269420006003439520089003499990015004382004988920250227004057.0170925e201709 ce a b 000 0ctamo  a9789553857408 aDLCbengerdacDLCdDLC 27037a920bSAR1 aSarawanan, K. N10aArinthavarkalum Ariyaathavaiyum (Known and Unknown) aMutal patippu. aKandanabBookvin Publisherc2017 axii, 228 p., 0aSocial reformers 0aBritish 0aHistory 0aColonization cL 001040708LaWERCLbWERCLd2025-02-27l0o920 SARp7037r2025-02-27w2025-02-27yL c5986d5986